[Event "Offene Hessische Senioren Einzelmeisters"]
[Site "Bad Sooden- Allendorf"]
[Date "2013.04.21"]
[Round "2.106"]
[White "Samarian, Cornel"]
[Black "Bartl, Birgit"]
[Result "1-0"]
[WhiteElo "1574"]
[BlackElo "1153"]
[PlyCount "67"]
[EventDate "2013.??.??"]
[WhiteTeam "SC Pegasus Lohkirchen"]
[BlackTeam "USV Erfurt Abteilung Schach"]

1. d4 d5 2. Nf3 Nf6 3. c4 e6 4. Nc3 Be7 5. e3 O-O 6. cxd5 Nxd5 7. Be2 b6 8. O-O
Nd7 9. Nxd5 exd5 10. b3 Nf6 11. Ne5 Bb7 12. Bb2 a6 13. Rc1 c5 14. f3 a5 15. a4
Nd7 16. Bb5 Nxe5 17. dxe5 Bg5 18. f4 Bh6 19. Rc2 Qe7 20. Bc1 f6 21. exf6 Qxf6
22. Bb2 Qe7 23. Re2 Rad8 24. Qc2 Bc8 25. Bd3 Bg4 26. Ree1 Qe6 27. Bxh7+ Kh8 28.
Bd3 Bf5 29. Bxf5 Rxf5 30. g4 Qg6 31. Qxf5 Qxf5 32. gxf5 Rf8 33. Be5 Rxf5 34.
Rd1 1-0

[Event "Offene Hessische Senioren Einzelmeisters"]
[Site "Bad Sooden- Allendorf"]
[Date "2013.04.21"]
[Round "2.107"]
[White "Bartels, Lothar"]
[Black "Wiebke, Elfriede"]
[Result "1-0"]
[WhiteElo "1568"]
[BlackElo "1031"]
[PlyCount "67"]
[EventDate "2013.??.??"]
[WhiteTeam "SG Lasker Steglitz-Wilmersdorf"]
[BlackTeam "Verein Segeberger SF"]

1. Nf3 d6 2. d4 Nf6 3. c4 h6 4. Nc3 a6 5. e4 Bg4 6. Be2 Nc6 7. h3 Bh5 8. a3
Bxf3 9. Bxf3 e5 10. Be3 Be7 11. d5 Nb8 12. Qd2 O-O 13. g4 c6 14. g5 hxg5 15.
Bxg5 Nfd7 16. Be3 c5 17. Rg1 f5 18. exf5 Rxf5 19. Bg4 Rg5 20. Be6+ Kf8 21. Bxg5
e4 22. Bxe7+ Qxe7 23. Qf4+ Nf6 24. Nxe4 Nbd7 25. O-O-O Nb6 26. Nxf6 Nxc4 27.
Nd7+ Ke8 28. Qxc4 b5 29. Qg4 a5 30. Qxg7 Kd8 31. Qg8+ Qe8 32. Qxe8+ Kxe8 33.
Rg8+ Ke7 34. Rxa8 1-0

[Event "Offene Hessische Senioren Einzelmeisters"]
[Site "Bad Sooden- Allendorf"]
[Date "2013.04.22"]
[Round "3.1"]
[White "Piankov, Evgenij"]
[Black "Weyrauch, Erich"]
[Result "1/2-1/2"]
[WhiteElo "2259"]
[BlackElo "2026"]
[PlyCount "152"]
[EventDate "2013.??.??"]
[BlackTeam "SV Letmathe 1933 e.V."]

1. d4 Nf6 2. c3 d5 3. e3 Bf5 4. Qb3 Qc8 5. c4 e6 6. Nc3 c6 7. Bd2 Nbd7 8. Nf3
dxc4 9. Bxc4 Nb6 10. Be2 h6 11. O-O Bd6 12. a4 O-O 13. a5 Nbd5 14. Nxd5 exd5
15. Bb4 Bxb4 16. Qxb4 Rb8 17. Rfc1 Qe6 18. Qc5 a6 19. Ra3 Ne4 20. Qa7 Bg4 21.
Rd1 Bxf3 22. Bxf3 Nd6 23. Be2 f5 24. Qc5 Rbc8 25. Qc2 Rc7 26. g3 Re7 27. Bd3 g5
28. Bf1 Qf6 29. b4 Rfe8 30. Rc1 Kg7 31. Rc3 Ne4 32. Rb3 f4 33. exf4 Qxd4 34.
fxg5 Nxg5 35. h4 Ne4 36. Qb2 Qxb2 37. Rxb2 Nd6 38. f3 Re1 39. Rxe1 Rxe1 40. Kf2
Rc1 41. g4 Kf6 42. Bd3 Rc3 43. Ke2 Nc4 44. Rc2 Rxc2+ 45. Bxc2 c5 46. bxc5 Nxa5
47. f4 Nc6 48. Ke3 a5 49. g5+ Kg7 50. Bb3 Ne7 51. h5 Nf5+ 52. Kd3 Ng3 53. gxh6+
Kxh6 54. Bxd5 Nxh5 55. Ke3 a4 56. Bxb7 a3 57. Bd5 Nf6 58. Be6 Kg7 59. Kd4 Kf8
60. c6 Ne8 61. Kc5 Ke7 62. Ba2 Nd6 63. Kb6 Kf6 64. Bb1 Ke6 65. c7 Kd7 66. Ba2
Nc8+ 67. Kb7 Nd6+ 68. Kb8 Ke7 69. Ka7 Kf6 70. Kb6 Kf5 71. Kc6 Nc8 72. Bb3 Kf6
73. Bc4 Kf5 74. Ba2 Kf6 75. Bb1 Ke6 76. Bh7 Ne7+ 1/2-1/2

[Event "Offene Hessische Senioren Einzelmeisters"]
[Site "Bad Sooden- Allendorf"]
[Date "2013.04.22"]
[Round "3.2"]
[White "Ackermann, Hans Werner"]
[Black "Stimpel, Franz"]
[Result "1-0"]
[WhiteElo "2175"]
[BlackElo "2015"]
[PlyCount "59"]
[EventDate "2013.??.??"]
[WhiteTeam "SC Hansa Dortmund e.V."]
[BlackTeam "Wiesbadener SV 1885"]

1. b3 Nf6 2. Bb2 g6 3. Bxf6 exf6 4. c4 Bg7 5. Nc3 f5 6. e3 c6 7. Nge2 Na6 8. g3
Nc7 9. Bg2 O-O 10. d4 Rb8 11. O-O b5 12. cxb5 cxb5 13. b4 Bb7 14. Bxb7 Rxb7 15.
Nf4 Qe7 16. Qf3 Rfb8 17. a3 a6 18. Rac1 Bh6 19. Nfd5 Nxd5 20. Nxd5 Qd6 21. Rc5
Bg5 22. Rfc1 Kg7 23. h4 Bd8 24. h5 Qe6 25. hxg6 hxg6 26. Kg2 Qe4 27. Qxe4 fxe4
28. g4 f5 29. gxf5 gxf5 30. Nf4 1-0

[Event "Offene Hessische Senioren Einzelmeisters"]
[Site "Bad Sooden- Allendorf"]
[Date "2013.04.22"]
[Round "3.3"]
[White "Pape, Manfred"]
[Black "Happel, Henk"]
[Result "1/2-1/2"]
[WhiteElo "2040"]
[BlackElo "2146"]
[PlyCount "33"]
[EventDate "2013.??.??"]
[WhiteTeam "SK Bad Harzburg"]
[BlackTeam "Discendo Discimus"]

1. Nf3 Nf6 2. g3 b6 3. Bg2 Bb7 4. d3 d5 5. O-O e6 6. Nbd2 Be7 7. c4 c5 8. b3
O-O 9. Bb2 Nc6 10. a3 Qd7 11. Ra2 Rfd8 12. Qa1 d4 13. Ne1 a5 14. e4 e5 15. Qd1
Qg4 16. Bf3 Qd7 17. Bg2 1/2-1/2

[Event "Offene Hessische Senioren Einzelmeisters"]
[Site "Bad Sooden- Allendorf"]
[Date "2013.04.22"]
[Round "3.4"]
[White "Van Oosten, Arend"]
[Black "Haase, Wolfgang"]
[Result "1/2-1/2"]
[WhiteElo "2136"]
[BlackElo "1991"]
[Annotator ",Microsoft"]
[PlyCount "63"]
[EventDate "2013.??.??"]
[WhiteTeam "Utrecht"]
[BlackTeam "SV CAISSA e. V. Kassel"]

1. e4 c5 2. Nc3 Nc6 3. g3 g6 4. Bg2 Bg7 5. d3 d6 6. Be3 Nd4 7. Qd2 e6 8. Nd1
Ne7 9. c3 Ndc6 10. Bh6 Kf8 11. Bxg7+ Kxg7 12. Ne3 d5 13. exd5 exd5 14. d4 cxd4
15. cxd4 Re8 16. Ne2 Nf5 17. Nxf5+ Bxf5 18. O-O Qd6 19. Nc3 Be6 $11 20. a3 a6
21. b4 Ne7 22. Ne2 Rac8 23. Rac1 Rxc1 24. Rxc1 Rc8 25. Rxc8 Bxc8 26. Qc3 b6 27.
h4 Bd7 28. Nf4 Bb5 29. Nd3 Qc6 30. Qxc6 Nxc6 31. Nf4 Nxd4 32. Nxd5 1/2-1/2

[Event "Offene Hessische Senioren Einzelmeisters"]
[Site "Bad Sooden- Allendorf"]
[Date "2013.04.22"]
[Round "3.5"]
[White "Weidlich, Günter"]
[Black "Romanow, Werner"]
[Result "1/2-1/2"]
[WhiteElo "2116"]
[BlackElo "1972"]
[PlyCount "32"]
[EventDate "2013.??.??"]
[WhiteTeam "SV Dresden-Leuben"]
[BlackTeam "SV Merseburg"]

1. d4 Nf6 2. Nf3 g6 3. c4 c5 4. d5 b5 5. cxb5 a6 6. bxa6 Bg7 7. Nc3 Bxa6 8. e4
Bxf1 9. Kxf1 d6 10. g3 O-O 11. Kg2 Nbd7 12. Qe2 Qa5 13. Bd2 Rfb8 14. Rhb1 Qa6
15. Qxa6 Rxa6 16. a4 Rb4 1/2-1/2

[Event "Offene Hessische Senioren Einzelmeisters"]
[Site "Bad Sooden- Allendorf"]
[Date "2013.04.22"]
[Round "3.6"]
[White "Holscher, Peter"]
[Black "Haubt, Georg"]
[Result "1/2-1/2"]
[WhiteElo "2005"]
[BlackElo "2115"]
[PlyCount "63"]
[EventDate "2013.??.??"]
[WhiteTeam "Caissa Hoorn"]
[BlackTeam "SV Oberursel"]

1. d4 d5 2. Nf3 Nc6 3. Bf4 Bg4 4. e3 e6 5. Bb5 Bd6 6. Bxd6 Qxd6 7. c3 Nf6 8.
Nbd2 O-O 9. h3 Bh5 10. Qa4 Ne7 11. Ne5 c5 12. Qa3 b6 13. O-O Qc7 14. Rac1 c4
15. Qa6 Qc8 16. b3 Qxa6 17. Bxa6 cxb3 18. axb3 Rfd8 19. c4 Nd7 20. Nxd7 Rxd7
21. c5 Rb8 22. Bb5 Rc7 23. cxb6 Rxc1 24. Rxc1 axb6 25. Rc7 Kf8 26. g4 Bg6 27.
Bd7 h5 28. Nf3 hxg4 29. hxg4 Be4 30. Ne5 Ng6 31. Nxg6+ Bxg6 32. Ra7 1/2-1/2

[Event "Offene Hessische Senioren Einzelmeisters"]
[Site "Bad Sooden- Allendorf"]
[Date "2013.04.22"]
[Round "3.7"]
[White "Schmidt, Gerhard"]
[Black "Thieme, Hans"]
[Result "1/2-1/2"]
[WhiteElo "2109"]
[BlackElo "1943"]
[PlyCount "48"]
[EventDate "2013.??.??"]
[WhiteTeam "SC Unterhaching e.V."]
[BlackTeam "SV Oberursel"]

1. d4 Nf6 2. Nf3 e6 3. c4 Bb4+ 4. Nbd2 b6 5. e3 Bb7 6. Bd3 O-O 7. O-O Re8 8. e4
Bxd2 9. Nxd2 d6 10. Qe2 e5 11. d5 Nbd7 12. Bc2 a5 13. Nb1 h6 14. Nc3 Nc5 15.
Rb1 Bc8 16. b3 Rf8 17. a3 Bg4 18. f3 Bd7 19. b4 Nb7 20. f4 exf4 21. Rxf4 g5 22.
Rf1 Ng4 23. Be3 Nxe3 24. Qxe3 Qe7 1/2-1/2

[Event "Offene Hessische Senioren Einzelmeisters"]
[Site "Bad Sooden- Allendorf"]
[Date "2013.04.22"]
[Round "3.8"]
[White "Villing, Dieter"]
[Black "Schumacher, Gottfried"]
[Result "0-1"]
[WhiteElo "1987"]
[BlackElo "2100"]
[Annotator ",Microsoft"]
[PlyCount "84"]
[EventDate "2013.??.??"]
[WhiteTeam "SK 1962 Ladenburg"]
[BlackTeam "HTC Bad Neuenahr"]

1. e4 e6 2. d4 b6 3. Nf3 Bb7 4. Bd3 c5 5. c3 Nf6 6. Qe2 cxd4 7. cxd4 Nc6 8. Nc3
Nb4 9. Bb1 Ba6 10. Qd1 Qc7 11. a3 Nc6 12. Bg5 h6 13. Bxf6 gxf6 14. Bd3 Bb7 15.
Rc1 Rc8 16. O-O h5 17. Nb5 Qb8 18. d5 Ne7 19. dxe6 fxe6 20. Rxc8+ Nxc8 21. Nh4
a6 22. Ng6 Rg8 23. Nxf8 Kxf8 24. Nc3 Qe5 25. Qe2 b5 26. f4 Qd4+ 27. Kh1 Nd6 28.
Bc2 f5 29. Rd1 Qb6 30. Qxh5 fxe4 31. Qe5 Ke7 32. Bxe4 Nc4 33. Qh5 Bc6 34. Qh7+
Kf8 35. Bg6 Rxg6 36. Qxg6 Qf2 37. Rg1 Qxf4 38. Qg3 Qxg3 39. hxg3 Nb6 40. Ne2
Nc4 41. Rb1 Ne3 42. Nf4 Kf7 {Rest nicht rekonstruierbar} 0-1

[Event "Offene Hessische Senioren Einzelmeisters"]
[Site "Bad Sooden- Allendorf"]
[Date "2013.04.22"]
[Round "3.9"]
[White "Liebert, Heinz"]
[Black "Noblé, Alexander"]
[Result "1-0"]
[WhiteElo "2098"]
[BlackElo "1907"]
[PlyCount "62"]
[EventDate "2013.??.??"]
[WhiteTeam "USV Volksbank Halle"]
[BlackTeam "SC Bad Nauheim"]

1. c4 f5 2. Nf3 Nf6 3. g3 e6 4. Bg2 Be7 5. d4 d5 6. O-O O-O 7. Nc3 c6 8. b3 Bd7
9. Qc2 Be8 10. Bb2 Bg6 11. Ne5 Qe8 12. e3 Nbd7 13. Nxg6 Qxg6 14. Ne2 Qh6 15.
Nf4 Ne4 16. f3 Nd6 17. Rae1 Rae8 18. Nd3 Nf7 19. f4 Nd6 20. Ba3 Nf6 21. Ne5
Nde4 22. Bxe7 Rxe7 23. b4 Rc8 24. a4 Nd6 25. Qa2 Qh5 26. b5 Nd7 27. Qa3 c5 28.
cxd5 Nxe5 29. dxe5 Ne4 30. d6 Rd7 31. Bxe4 fxe4 1-0

[Event "Offene Hessische Senioren Einzelmeisters"]
[Site "Bad Sooden- Allendorf"]
[Date "2013.04.22"]
[Round "3.10"]
[White "Hunold, Rolf"]
[Black "Knaak, Joachim"]
[Result "1/2-1/2"]
[WhiteElo "1974"]
[BlackElo "2085"]
[PlyCount "82"]
[EventDate "2013.??.??"]
[WhiteTeam "SV Letmathe 1933 e.V."]
[BlackTeam "SV Dresden-Leuben"]

1. e4 c5 2. Nf3 g6 3. Bc4 Nc6 4. c3 Nf6 5. e5 Ng4 6. d4 d5 7. Be2 Bg7 8. O-O
cxd4 9. cxd4 O-O 10. Nc3 Nh6 11. Qb3 Nf5 12. Rd1 e6 13. Bb5 Bd7 14. Bg5 f6 15.
exf6 Bxf6 16. Bxf6 Qxf6 17. Bxc6 Bxc6 18. Rd2 Rac8 19. Re1 Rce8 20. Qa3 a6 21.
Qc5 Nh4 22. Nxh4 Qxh4 23. Qd6 Qf6 24. Qg3 Qf4 25. Qxf4 Rxf4 26. g3 Rf3 27. Kg2
Rf5 28. f4 g5 29. Rf2 gxf4 30. Rxf4 Rg5 31. h4 Rg6 32. Re5 Rf8 33. Ne2 Rgf6 34.
Rxf6 Rxf6 35. Nf4 Kf7 36. Rh5 Kg7 37. Rg5+ Kf7 38. Nd3 Bb5 39. Ne5+ Kf8 40. Rg4
Bf1+ 41. Kg1 Bb5 1/2-1/2

[Event "Offene Hessische Senioren Einzelmeisters"]
[Site "Bad Sooden- Allendorf"]
[Date "2013.04.22"]
[Round "3.11"]
[White "Hassenrück, Helmut"]
[Black "Ludwig, Siegfried"]
[Result "1-0"]
[WhiteElo "2084"]
[BlackElo "1348"]
[PlyCount "65"]
[EventDate "2013.??.??"]
[WhiteTeam "SG-Gladbeck 19/2"]
[BlackTeam "GSV Hemmingen"]

1. d4 d5 2. Nf3 Nf6 3. c4 dxc4 4. e3 Bg4 5. Bxc4 e6 6. h3 Bf5 7. Nc3 Bb4 8.
Qa4+ Nc6 9. Ne5 Qd6 10. O-O O-O 11. Nb5 Qe7 12. Nxc6 bxc6 13. Nxc7 Qxc7 14.
Qxb4 Rab8 15. Qe1 Ne4 16. b3 Rfd8 17. Ba3 e5 18. f3 Nd6 19. e4 Nxc4 20. bxc4
Be6 21. d5 cxd5 22. cxd5 Bd7 23. Kh1 Bb5 24. Rf2 h6 25. Rc1 Qb6 26. Rfc2 Qa6
27. Be7 Rdc8 28. Qg3 Rxc2 29. Rxc2 Bd3 30. Rc6 Rb1+ 31. Kh2 Qxa2 32. Bf6 g6 33.
Rc8+ 1-0

[Event "Offene Hessische Senioren Einzelmeisters"]
[Site "Bad Sooden- Allendorf"]
[Date "2013.04.22"]
[Round "3.12"]
[White "Arp, Frans"]
[Black "Rüberg, Jobst"]
[Result "1/2-1/2"]
[WhiteElo "1970"]
[BlackElo "2068"]
[PlyCount "67"]
[EventDate "2013.??.??"]
[WhiteTeam "Haarlem"]
[BlackTeam "SV Ahlen 1954 e.V."]

1. e4 c5 2. Nf3 e6 3. d4 cxd4 4. Nxd4 a6 5. Nc3 Qc7 6. Bd3 Nf6 7. O-O Nc6 8.
Nxc6 dxc6 9. Be3 Bd6 10. f4 e5 11. f5 Qe7 12. Na4 b5 13. Nc3 Bc5 14. Qf3 Bb7
15. a3 Rd8 16. b4 Bxe3+ 17. Qxe3 Rc8 18. Rae1 c5 19. Nd5 Bxd5 20. exd5 cxb4 21.
Qxe5 Qxe5 22. Rxe5+ Kd7 23. axb4 Kd6 24. Ree1 Nxd5 25. Rb1 Rhd8 26. Rfe1 Re8
27. Kf2 Rxe1 28. Kxe1 Ke5 29. Kd2 Rc6 30. Re1+ Kd6 31. Be4 Rc4 32. Bxd5 Rd4+
33. Kc3 Rxd5 34. g4 1/2-1/2

[Event "Offene Hessische Senioren Einzelmeisters"]
[Site "Bad Sooden- Allendorf"]
[Date "2013.04.22"]
[Round "3.13"]
[White "Reinhold, Dr. Klaus"]
[Black "Franck, Rudolf"]
[Result "1/2-1/2"]
[WhiteElo "1957"]
[BlackElo "2057"]
[Annotator ",Microsoft"]
[PlyCount "28"]
[EventDate "2013.??.??"]
[WhiteTeam "SC Gronau 1920 e.V."]
[BlackTeam "SC 1875 Ellwangen"]

1. d4 d5 2. c4 c6 3. Nf3 f5 4. g3 e6 5. Bg2 Nf6 6. O-O Nbd7 7. Nbd2 Bb4 8. a3
Ba5 9. b4 Bc7 10. Bb2 O-O 11. Qc2 Ne4 12. Ne5 Nxd2 13. Qxd2 b5 14. cxb5 cxb5 {
Rest nicht zu rekonstruieren} 1/2-1/2

[Event "Offene Hessische Senioren Einzelmeisters"]
[Site "Bad Sooden- Allendorf"]
[Date "2013.04.22"]
[Round "3.14"]
[White "Just, Joachim"]
[Black "Zunker, Dr. Reinhard"]
[Result "1/2-1/2"]
[WhiteElo "1912"]
[BlackElo "2050"]
[PlyCount "63"]
[EventDate "2013.??.??"]
[WhiteTeam "SV Motor Zeitz"]
[BlackTeam "SV 1920 Hofheim"]

1. Nf3 c5 2. c4 Nc6 3. Nc3 g6 4. g3 Bg7 5. Bg2 d6 6. O-O e5 7. d3 Nge7 8. Ne1
O-O 9. Nc2 Rb8 10. Ne3 a6 11. Ned5 b5 12. Nxe7+ Nxe7 13. Nd5 Be6 14. Nxe7+ Qxe7
15. Qc2 Qd7 16. e4 f5 17. Rb1 f4 18. f3 g5 19. g4 Rb7 20. Bd2 Rfb8 21. Be1 Qf7
22. b3 bxc4 23. dxc4 Bxc4 24. Rf2 Be6 25. Rd1 Bf8 26. Bf1 Ra7 27. h4 h6 28.
hxg5 hxg5 29. Rh2 a5 30. Rh5 Be7 31. Rd2 Qg6 32. Rdh2 1/2-1/2

[Event "Offene Hessische Senioren Einzelmeisters"]
[Site "Bad Sooden- Allendorf"]
[Date "2013.04.22"]
[Round "3.15"]
[White "Bachmann, Rolf"]
[Black "Just, Fred"]
[Result "1/2-1/2"]
[WhiteElo "1881"]
[BlackElo "2044"]
[PlyCount "56"]
[EventDate "2013.??.??"]
[WhiteTeam "SVigung Hamm"]
[BlackTeam "SAbt SV Werder Bremen"]

1. d4 d5 2. c4 c6 3. Nf3 Nf6 4. Nc3 e6 5. e3 Nbd7 6. Bd3 Bd6 7. O-O O-O 8. a3
dxc4 9. Bxc4 e5 10. h3 exd4 11. exd4 Nb6 12. Bd3 Be6 13. Re1 Nbd7 14. Ne5 Qc7
15. Nxd7 Qxd7 16. Bg5 Be7 17. Qc2 g6 18. Rad1 Rfe8 19. Bh6 Bf8 20. Bxf8 Kxf8
21. Ne4 Nxe4 22. Bxe4 Kg8 23. Qc5 a6 24. Re3 Rad8 25. Bf3 Bd5 26. Bxd5 Qxd5 27.
Qxd5 cxd5 28. Rc1 Rc8 1/2-1/2

[Event "Offene Hessische Senioren Einzelmeisters"]
[Site "Bad Sooden- Allendorf"]
[Date "2013.04.22"]
[Round "3.16"]
[White "Grabitz, Dr. Georg"]
[Black "Ljubarskij, Juri"]
[Result "0-1"]
[WhiteElo "1852"]
[BlackElo "2174"]
[PlyCount "94"]
[EventDate "2013.??.??"]
[WhiteTeam "Plesse Bovenden"]
[BlackTeam "Hannover 96 Schach"]

1. e4 e5 2. Nf3 Nc6 3. d4 exd4 4. Bc4 Nf6 5. e5 d5 6. Bb5 Ne4 7. Nxd4 Bc5 8.
Be3 Bd7 9. Bxc6 bxc6 10. Nd2 Nxd2 11. Qxd2 Qe7 12. Nb3 Bb6 13. Qc3 O-O 14. O-O
Rfe8 15. f4 a5 16. Bc5 a4 17. Kh1 Bxc5 18. Nxc5 Bf5 19. b4 a3 20. Rf2 h5 21.
Rb1 Qh4 22. Qg3 Qxg3 23. hxg3 f6 24. Re1 Rab8 25. c3 d4 26. cxd4 Rxb4 27. Re3
Rb2 28. Kg1 Ra8 29. Rb3 Rxb3 30. Nxb3 Be6 31. Nc5 Bd5 32. Rc2 Rb8 33. Rc3 Rb1+
34. Kh2 Rb2 35. Rxa3 Rxg2+ 36. Kh3 Rg1 37. g4 hxg4+ 38. Kh4 f5 39. e6 Kf8 40.
Ra8+ Ke7 41. Rg8 Bxe6 42. Nxe6 Kxe6 43. Rxg7 Kd5 44. Kg5 Kxd4 45. Kxf5 g3 46.
Rxc7 g2 47. Rxc6 Rf1 0-1

[Event "Offene Hessische Senioren Einzelmeisters"]
[Site "Bad Sooden- Allendorf"]
[Date "2013.04.22"]
[Round "3.17"]
[White "Vogel, Jaap"]
[Black "Zwanepol, Johan"]
[Result "1-0"]
[WhiteElo "2193"]
[BlackElo "1884"]
[PlyCount "53"]
[EventDate "2013.??.??"]

1. d4 Nf6 2. Nf3 d5 3. g3 g6 4. Bg2 Bg7 5. c4 dxc4 6. Na3 O-O 7. O-O c6 8. Nxc4
Be6 9. b3 Nbd7 10. Bb2 Rb8 11. Rc1 Ne4 12. e3 Ndf6 13. Nfe5 Rc8 14. Qe2 Nd6 15.
Rfd1 Bd5 16. f3 Rc7 17. e4 Be6 18. Ne3 Nd7 19. Nd3 f6 20. Nc5 Bf7 21. Bh3 Nb6
22. a4 Re8 23. a5 Na8 24. e5 e6 25. exd6 Qxd6 26. f4 Rd8 27. Nc4 1-0

[Event "Offene Hessische Senioren Einzelmeisters"]
[Site "Bad Sooden- Allendorf"]
[Date "2013.04.22"]
[Round "3.18"]
[White "Niebuhr, Gerd"]
[Black "van den Berg, Ad"]
[Result "1/2-1/2"]
[WhiteElo "1902"]
[BlackElo "2188"]
[Annotator ",Microsoft"]
[PlyCount "42"]
[EventDate "2013.??.??"]
[WhiteTeam "Freibauer Wedemark"]
[BlackTeam "Aas Aalsmeer"]

1. d4 d6 2. Nf3 g6 3. c4 Bg7 4. Nc3 Nd7 5. e4 e5 6. Be2 Ngf6 7. O-O O-O 8. Qc2
h6 9. Rd1 Ng4 10. dxe5 Ngxe5 11. Nxe5 Bxe5 12. f4 Bg7 13. Be3 Re8 14. Bf3 f5
15. Bd4 Bxd4+ 16. Rxd4 Qf6 17. Rad1 Nc5 18. b4 $11 Ne6 19. Nd5 Qg7 20. R4d2 c6
21. exf5 cxd5 1/2-1/2

[Event "Offene Hessische Senioren Einzelmeisters"]
[Site "Bad Sooden- Allendorf"]
[Date "2013.04.22"]
[Round "3.19"]
[White "Ghijsen, Pim"]
[Black "Peleikis, Horst"]
[Result "1/2-1/2"]
[WhiteElo "2161"]
[BlackElo "1879"]
[PlyCount "28"]
[EventDate "2013.??.??"]
[WhiteTeam "VAS Amsterdam"]
[BlackTeam "SK Lister Turm"]

1. d4 Nf6 2. Nf3 g6 3. Bf4 d6 4. h3 Bg7 5. Nc3 Nbd7 6. e4 O-O 7. Bd3 c5 8. d5
a6 9. a4 Nh5 10. Bd2 Ne5 11. O-O Nxd3 12. cxd3 Bd7 13. Qc1 b5 14. Bh6 b4
1/2-1/2

[Event "Offene Hessische Senioren Einzelmeisters"]
[Site "Bad Sooden- Allendorf"]
[Date "2013.04.22"]
[Round "3.20"]
[White "Kempen, Willi"]
[Black "Hottes, Dieter"]
[Result "0-1"]
[WhiteElo "1888"]
[BlackElo "2118"]
[PlyCount "30"]
[EventDate "2013.??.??"]
[WhiteTeam "Rheydter SV 1920"]
[BlackTeam "Stuttgarter SF 1879"]

1. e4 e6 2. d4 b6 3. Nf3 Bb7 4. Bd3 c5 5. dxc5 bxc5 6. c4 Nc6 7. Nc3 d6 8. O-O
Nf6 9. Bf4 Be7 10. Re1 O-O 11. Rc1 Nd7 12. b3 Nde5 13. Nxe5 dxe5 14. Bg3 Bg5
15. Ra1 Nb4 0-1

[Event "Offene Hessische Senioren Einzelmeisters"]
[Site "Bad Sooden- Allendorf"]
[Date "2013.04.22"]
[Round "3.21"]
[White "van Geffen, Ben"]
[Black "Bomert, Egon"]
[Result "1-0"]
[WhiteElo "2061"]
[BlackElo "1862"]
[PlyCount "63"]
[EventDate "2013.??.??"]
[WhiteTeam "Messemaker 1847"]
[BlackTeam "SK Bad Sooden-Allendorf"]

1. e4 d6 2. d4 Nf6 3. Nc3 g6 4. Be3 Bg7 5. Qd2 Ng4 6. Bg5 h6 7. Bh4 c6 8. h3
Nf6 9. f4 Qa5 10. Nf3 Na6 11. e5 dxe5 12. fxe5 Nd5 13. Nxd5 Qxd2+ 14. Kxd2 cxd5
15. c3 Nc7 16. Bd3 Be6 17. a4 O-O 18. Bxe7 Rfe8 19. Bd6 Rac8 20. Ra3 Bf8 21.
Bxf8 Kxf8 22. Rb3 Rb8 23. a5 Rec8 24. Ra1 b6 25. axb6 Rxb6 26. Rxb6 axb6 27.
Ra7 b5 28. Rb7 Bd7 29. Ne1 Ke8 30. Nc2 Bc6 31. Rb6 Na8 32. Rxc6 1-0

[Event "Offene Hessische Senioren Einzelmeisters"]
[Site "Bad Sooden- Allendorf"]
[Date "2013.04.22"]
[Round "3.22"]
[White "Lenk, Wolfgang"]
[Black "Van Dongen, Rob"]
[Result "1/2-1/2"]
[WhiteElo "2054"]
[BlackElo "1839"]
[PlyCount "79"]
[EventDate "2013.??.??"]
[WhiteTeam "USV TU Dresden"]
[BlackTeam "VAS Amsterdam"]

1. e4 e6 2. d4 d5 3. Nc3 dxe4 4. Nxe4 Nd7 5. Nf3 Ngf6 6. Nxf6+ Nxf6 7. Ne5 Bd6
8. Qf3 O-O 9. Bg5 Be7 10. O-O-O Qd5 11. c4 Qxf3 12. Nxf3 Rd8 13. Bd3 h6 14. Bf4
Bd6 15. Be5 Ng4 16. Rhf1 b6 17. h3 Nxe5 18. dxe5 Be7 19. Be4 Rb8 20. Nd4 Bd7
21. Bc6 Bc5 22. Bxd7 Rxd7 23. Nc6 Rxd1+ 24. Kxd1 Ra8 25. b4 Bf8 26. Kc2 a5 27.
b5 Bc5 28. f3 Kf8 29. a4 h5 30. Kd3 f5 31. g4 hxg4 32. hxg4 g6 33. g5 Kf7 34.
Rh1 Kg7 35. Ke2 Rf8 36. Rd1 Rf7 37. Rd3 f4 38. Nd8 Re7 39. Nc6 Rf7 40. Nd8
1/2-1/2

[Event "Offene Hessische Senioren Einzelmeisters"]
[Site "Bad Sooden- Allendorf"]
[Date "2013.04.22"]
[Round "3.23"]
[White "Niebling, Ferdinand"]
[Black "Schnaitmann, Herbert"]
[Result "1-0"]
[WhiteElo "2049"]
[BlackElo "1818"]
[PlyCount "69"]
[EventDate "2013.??.??"]
[WhiteTeam "SC Frankfurt-West"]
[BlackTeam "SC Grunbach"]

1. e4 c6 2. d4 d5 3. e5 c5 4. dxc5 Nc6 5. Bb5 Qa5+ 6. Nc3 e6 7. Nf3 Bxc5 8. O-O
Nge7 9. Bf4 O-O 10. Bd3 Qb4 11. Bd2 Ng6 12. Ne4 Qb6 13. Nxc5 Qxc5 14. Re1 Bd7
15. Ng5 Nce7 16. Qh5 h6 17. Be3 Qc7 18. Nf3 Kh7 19. Bg5 Bc6 20. h4 Ng8 21. Bd2
Be8 22. Bb4 N8e7 23. Bd6 Qd7 24. Qg4 Kg8 25. h5 Nh8 26. Qh4 f6 27. Ba3 Rf7 28.
exf6 Rxf6 29. Ne5 Qc7 30. Ng4 Rf7 31. Rxe6 Nf5 32. Bxf5 Rxf5 33. Rae1 Bxh5 34.
Ne3 Re5 35. Bd6 1-0

[Event "Offene Hessische Senioren Einzelmeisters"]
[Site "Bad Sooden- Allendorf"]
[Date "2013.04.22"]
[Round "3.24"]
[White "Szenetra, Werner"]
[Black "Hellwege, Werner"]
[Result "1-0"]
[WhiteElo "2022"]
[BlackElo "1811"]
[PlyCount "75"]
[EventDate "2013.??.??"]
[WhiteTeam "SV Berenbostel"]
[BlackTeam "SK Lister Turm"]

1. Nf3 Nf6 2. g3 d5 3. Bg2 g6 4. O-O Bg7 5. d3 c5 6. Nbd2 O-O 7. Re1 Nc6 8. e4
h6 9. c3 e5 10. exd5 Nxd5 11. Nc4 Re8 12. Qb3 Nb6 13. Qa3 Nxc4 14. dxc4 Qa5 15.
Qxa5 Nxa5 16. Nd2 Be6 17. Bd5 Rad8 18. Bxe6 Rxe6 19. Nb3 Nxb3 20. axb3 a6 21.
Be3 Bf8 22. Red1 Ree8 23. Rd5 Rxd5 24. cxd5 Rd8 25. c4 g5 26. g4 Kg7 27. Ra5
Rc8 28. Kf1 f5 29. f3 e4 30. fxe4 fxe4 31. Ke2 Kf6 32. Ra1 Bd6 33. Rf1+ Kg6 34.
h3 b5 35. Ra1 bxc4 36. Rxa6 cxb3 37. Rxd6+ Kh7 38. Rc6 1-0

[Event "Offene Hessische Senioren Einzelmeisters"]
[Site "Bad Sooden- Allendorf"]
[Date "2013.04.22"]
[Round "3.25"]
[White "Oud, Niek"]
[Black "Huhn, Ulrich"]
[Result "1-0"]
[WhiteElo "1992"]
[BlackElo "1757"]
[PlyCount "39"]
[EventDate "2013.??.??"]
[WhiteTeam "VAS"]
[BlackTeam "SF Siemensstadt"]

1. d4 d5 2. Nf3 Nf6 3. c4 c6 4. Nc3 dxc4 5. a4 Bf5 6. e3 e6 7. Bxc4 Bb4 8. O-O
O-O 9. Bd2 h6 10. Qe2 Re8 11. Rac1 Nbd7 12. Rfd1 Rc8 13. Nb1 Qe7 14. Bxb4 Qxb4
15. Nc3 Ne4 16. Nh4 Bh7 17. g3 a6 18. f3 Nb6 19. Nxe4 Bxe4 20. fxe4 1-0